000 00482nam a22001457a 4500
999 _c12146
_d12146
008 190116b ||||| |||| 00| 0 eng d
020 _a971-27-1025-4
082 _22000
_aDFil 899.2111
_bL11
245 _aMga bagay na lumilipas:
_bHalaw kay William Butler Yeats/
_cJose F. Lacaba
260 _aPasig City:
_bAnvil publishing,
_cc2000.
300 _aPage 96;
_c21 cm.
500 _aEdad medya: Mga tula sa katanghaliang gulang
650 _aFilipino poetry
_934407
942 _2ddc
_cDFIL